Los 60 elementos básicos - Estadísticas

Estadísticas generales
  • Esta prueba ha sido intentada 56 veces
  • La puntuación promedio es 51 de 60
Estadísticas de respuestas
Elemento Símbolo % Correcto
Helio He
100%
Hidrógeno H
100%
Litio Li
100%
Plata Ag
100%
Oro Au
98%
Sodio Na
98%
Calcio Ca
96%
Cobre Cu
96%
Hierro Fe
96%
Magnesio Mg
96%
Potasio K
96%
Fósforo P
94%
Nitrógeno N
94%
Oxígeno O
94%
Aluminio Al
93%
Cloro Cl
93%
Zinc Zn
93%
Carbono C
91%
Cromo Cr
91%
Berilio Be
89%
Bromo Br
89%
Flúor F
89%
Francio Fr
89%
Xenón Xe
89%
Azufre S
87%
Boro B
87%
Galio Ga
87%
Bario Ba
85%
Cesio Cs
85%
Kriptón Kr
85%
Manganeso Mn
85%
Mercurio Hg
85%
Radio Ra
85%
Uranio U
85%
Argón Ar
83%
Cobalto Co
83%
Plomo Pb
83%
Selenio Se
83%
Silicio Si
83%
Yodo I
83%
Cadmio Cd
81%
Neón Ne
81%
Níquel Ni
81%
Rubidio Rb
81%
Radón Rn
80%
Estaño Sn
78%
Titanio Ti
78%
Polonio Po
74%
Astato At
72%
Bismuto Bi
72%
Germanio Ge
72%
Platino Pt
72%
Arsénico As
70%
Wolframio W
70%
Estroncio Sr
69%
Telurio Te
67%
Antimonio Sb
65%
Plutonio Pu
61%
Paladio Pd
59%
Cerio Ce
56%
No se encontraron pruebas coincidentes
Distribución de puntuación
Porcentaje de gente con cada puntuación
Porcentaje por número respondido
Historial de tus puntuaciones
No has intentado esta prueba.